Welcome to CU Library Online Public Access Catalogue (OPAC)

Family living; (Record no. 3066)

MARC details
000 -LEADER
fixed length control field 00467nam a22001697a 4500
005 - DATE AND TIME OF LATEST TRANSACTION
control field 20250125110342.0
008 - FIXED-LENGTH DATA ELEMENTS--GENERAL INFORMATION
fixed length control field 250125b |||||||| |||| 00| 0 eng d
020 ## - INTERNATIONAL STANDARD BOOK NUMBER
International Standard Book Number 9780314915368
050 ## - LIBRARY OF CONGRESS CALL NUMBER
Classification number HQ536
Item number COX
100 ## - MAIN ENTRY--PERSONAL NAME
Personal name Cox, Frank D.
245 ## - TITLE STATEMENT
Title Family living;
Remainder of title Relationships and Decisions
260 ## - PUBLICATION, DISTRIBUTION, ETC.
Place of publication, distribution, etc. Lincolnwood
Name of publisher, distributor, etc. National Textbook Company
Date of publication, distribution, etc. c1994
300 ## - PHYSICAL DESCRIPTION
Extent viii, 487p;
Other physical details ill.;
500 ## - GENERAL NOTE
General note includes index
700 ## - ADDED ENTRY--PERSONAL NAME
Personal name Canada, Carol
942 ## - ADDED ENTRY ELEMENTS (KOHA)
Source of classification or shelving scheme Library of Congress Classification
Koha item type Books
Suppress in OPAC No
999 ## -
-- 3066
-- 3066
Holdings
Withdrawn status Lost status Source of classification or shelving scheme Damaged status Not for loan Collection Home library Current library Shelving location Date acquired Total checkouts Full call number Barcode Date last seen Copy number Price effective from Koha item type
    Library of Congress Classification     Non-fiction Undergraduate Library (Christ Temple) Undergraduate Library (Christ Temple) General stacks 01/25/2025   HQ536 COX ulct00000941 01/25/2025 1 01/25/2025 Books
© 2023-2024 Copyright: Central University Libraries. All Rights Reserved | Created by: Mahone Tech Office